| 000 | 02109cam a2200169 4500500 | ||
|---|---|---|---|
| 005 | 20260222010948.0 | ||
| 041 | _afre | ||
| 042 | _adc | ||
| 100 | 1 | 0 |
_aThompson, John B. _eauthor |
| 245 | 0 | 0 | _aLa nouvelle visibilité |
| 260 | _c2005. | ||
| 500 | _a32 | ||
| 520 | _aUne distinction doit être introduite entre une forme d’invisibilité sociale qui est invoquée métaphoriquement et une forme d’invisibilité effective qui est expérimentée par des acteurs sociaux. On peut comprendre que l’invisibilité soit vécue sur un mode négatif dès lors que l’on saisi le mode de constitution de la visibilité sociale qui se comprend ontogénétiquement dans les gestes expressifs dont les sujets sociaux sont les destinataires dès les premiers moments du processus de socialisation. C’est en s’éprouvant comme les destinataires de gestes expressifs que les sujets sociaux perçoivent qu’ils sont visibles pratiquement les uns pour les autres ; inversement, c’est l’absence de cette expressivité positive qui leur signifie leur invisibilité. On peut donc envisager la visibilité comme une forme première mais relativement neutralisée de reconnaissance sociale. | ||
| 520 | _aNEW VISIBILITY The development of modern communication media has been attended by the growth of mediated interaction which, compared to face-to-face interaction, is free of the constraints of co-presence. An interactional theory of communication furthers our understanding of the origins and importance of the “new visibility” accompanying this process. Because it profoundly changes the modalities of public appearance, “new visibility” impacts on the ways in which political power is used. Those who wield power rely on this visibility but also have to accept that it can turn against them at any stage. Public visibility has therefore become a stake in conflicts and a key component of social and political struggles. | ||
| 786 | 0 | _nRéseaux | 129-130 | 1 | 2005-04-01 | p. 59-87 | 0751-7971 | |
| 856 | 4 | 1 | _uhttps://shs.cairn.info/revue-reseaux1-2005-1-page-59?lang=fr&redirect-ssocas=7080 |
| 999 |
_c1669780 _d1669780 |
||